| 000 | 00555nam a22001697a 4500 | ||
|---|---|---|---|
| 003 | SISC | ||
| 005 | 20161027123847.0 | ||
| 008 | 161027b xxu||||| |||| 00| 0 eng d | ||
| 020 | _a9780128015407 | ||
| 050 |
_aQA 76.9.D37 _b.Si594 2015 |
||
| 100 | _aSimon, Alan. | ||
| 245 |
_aEnterprise business intelligence and data warehousing : _bprogram management essentials / _cAlan Simon. |
||
| 260 |
_aAmsterdam : _bElsevier, _c2015. |
||
| 300 |
_axvii, 82 pages : _billustrations ; _c23 cm. |
||
| 500 | _aIncludes bibliographical references. | ||
| 942 |
_2lcc _cBK |
||
| 999 |
_c305162 _d305162 |
||